[Event "94th Tradewise Hastings Congress"]
[Site "Hastings"]
[Date "2019.01.01"]
[Round "5"]
[White "Kalavannan, Koby"]
[Black "Payne, Matthew J"]
[Result "0-1"]
[WhiteElo "2328"]
[BlackElo "2182"]
[Annotator "TA"]
[PlyCount "82"]
[EventDate "2018.12.28"]
[EventType "swiss"]
[EventCountry "ENG"]
[SourceTitle "playchess.com"]
[Source "ChessBase"]
[SourceQuality "1"]

{[%evp 24,82,11,16,13,12,17,-10,-2,0,-15,-53,-50,-73,-71,-145,-60,-167,-148,-302,-281,-336,-340,-363,-240,-236,-232,-295,-304,-306,-314,-339,-163,-254,-244,-249,-226,-222,-243,-212,-201,-441,-441,-405,-395,-402,-357,-476,-458,-483,-481,-816,-813,-821,-821,-819,-818,-817,-808,-931,-907]} 1. d4 Nf6 2. c4 g6 3. Nc3 Bg7 4. e4 d6 5. Be2 O-O 6. Be3 e5 7. d5 a5 8. g4 Na6 {E73: King's Indian: Averbakh Variation without 6...c5} 9. h4 Nc5 10. Bf3 (10. f3 h5 11. g5 Nh7 12. Kd2 Bd7 13. Nh3 c6 14. Nf2 cxd5 15. exd5 f5 16. gxf6 Nxf6 17. Bxc5 dxc5 {0-1 (37) Vallejo Pons,F (2705)-Radjabov,T (2741) Palma de Mallorca 2017}) 10... c6 11. g5 Nfd7 12. dxc6 bxc6 13. Qxd6 {[%mdl 64] [#] LiveBook: 4 Games. Double Attack} Qb6 14. Nge2 {0-0 is the strong threat.} Re8 15. Rd1 (15. O-O $5 {[%cal Rc3a4]} Bf8 16. Qd2 $11) 15... Bf8 16. Qd2 {[#]} Qb4 $146 17. b3 a4 18. Rb1 axb3 19. axb3 (19. Nc1 $142) 19... Ra3 ({Black should play} 19... Nxb3 $17 20. Qd1 Rb8) 20. O-O (20. Nc1 $15) 20... Nxb3 $19 21. Qd3 $2 (21. Qc2 $17) 21... Ndc5 22. Bxc5 Qxc5 (22... Nxc5 23. Rxb4 Nxd3 24. Rb6 $17) 23. Rb2 {White hopes to continue with Nb1.} Be6 24. Nb1 Bxc4 25. Qd1 Nd4 26. Nxd4 Rd3 ({Less strong is} 26... Qxd4 27. Nxa3 Bxf1 28. Qxd4 $15) 27. Qc1 Rxd4 ({Weaker is} 27... exd4 28. Bg2 $19) (27... Qxd4 $142 28. Bg2 Bb5) 28. Rc2 (28. Rd1 {keeps fighting.} Rxd1+ 29. Qxd1) 28... Qb4 29. Re1 Rb8 30. Nd2 {[%cal Rd2c4]} Bb5 31. Rb2 Qa3 {[#] Threatens to win with ...Bb4.} 32. Bg2 $2 (32. Rc2) 32... Bb4 33. Nb1 Qa5 34. Re3 Rbd8 35. Bf3 Qa1 {Black is clearly winning.} 36. Rc2 Bd3 37. Nc3 (37. Kg2 $142 Ra8 38. Rxd3 Rxd3 39. Qb2) 37... Ra8 38. Re1 Bxc2 39. Qxa1 Rxa1 40. Rxa1 Bxc3 41. Rc1 Rd2 {Accuracy: White = 28%, Black = 60%.} 0-1

[Event "94th Tradewise Hastings Congress"]
[Site "Hastings"]
[Date "2019.01.01"]
[Round "5"]
[White "Peek, Marcel"]
[Black "Leenhouts, Koen"]
[Result "0-1"]
[WhiteElo "2293"]
[BlackElo "2470"]
[Annotator "TA"]
[PlyCount "54"]
[EventDate "2018.12.28"]
[EventType "swiss"]
[EventCountry "ENG"]
[SourceTitle "playchess.com"]
[Source "ChessBase"]
[SourceQuality "1"]

{[%evp 26,54,136,103,129,94,212,149,152,154,155,162,146,68,83,-245,-217,-302,-292,-387,-408,-401,-396,-1053,-1116,-29986,-29987,-29987,-29988,-29987,-856]} 1. d4 Nf6 2. c4 e6 3. Nf3 c5 4. d5 exd5 5. cxd5 d6 6. Nc3 g6 {[%cal Bg7g6,Bg6g5][%mdl 32]} 7. e4 {[%cal Be2e4,Be4e5,Be5e6][%mdl 32]} Bg7 8. Bg5 h6 9. Bh4 g5 10. Bg3 Nh5 11. Bb5+ Kf8 12. e5 Nxg3 13. fxg3 a6 {A71: Modern Benoni: 6 e4 g6 7 Nf3 Bg7 8 Bg5 without Be2} 14. Bd3 {LiveBook: 4 Games} Qb6 (14... c4 15. Bxc4 Qb6 16. e6 Qxb2 17. O-O Qxc3 18. Rc1 Qe3+ 19. Kh1 Nd7 20. exd7 Bxd7 21. Bd3 {0-1 (49) Vasquez Schroder,R (2521)-Kovacevic,A (2582) Khanty-Mansiysk 2010}) 15. Qc2 $146 ({Predecessor:} 15. Qe2 g4 16. Nh4 Bxe5 17. Rf1 Ke7 18. Qf2 Kd8 19. O-O-O f6 20. Ng6 Bd4 21. Qc2 {½-½ (48) Rovelli,J-Caramia,J Villa Ballester 1992}) 15... Bg4 (15... c4 $16 {might work better.} 16. Bxc4 g4) 16. Rf1 {Hoping for e6!} Nd7 {[#]} 17. e6 $1 {[%cal Re6d7][%mdl 512]} c4 (17... fxe6 18. Ne5+) 18. Be2 ({Much less strong is} 18. Bxc4 $6 Bxf3 19. gxf3 (19. Rxf3 Ne5 $15 {[%mdl 64] Double Attack}) 19... Qe3+ 20. Kd1 Qd4+ 21. Qd3 Nc5 $14) 18... Bxf3 19. Rxf3 (19. gxf3 $16 Nf6 20. Bxc4) 19... Ne5 $1 $14 {[%cal Re5f3]} 20. Qf5 $2 {[%mdl 8192] [#]} (20. Rf1 $16 {and life is bright.}) 20... g4 $1 $19 {[%cal Rg4f3]} ({Worse is} 20... Nxf3+ 21. Bxf3 Bxc3+ 22. Kf1 $11) ({And not} 20... Qxb2 21. Rb1 $11) 21. Rf4 {aiming for 0-0-0.} Qxb2 {[%mdl 64] Double Attack} 22. Rb1 Qxc3+ 23. Kf1 {[#]} b5 $1 {[%cal Bb7b5,Bb5c4][%mdl 32]} 24. Rxc4 $2 (24. Bxg4 h5 25. Rf3) 24... bxc4 25. Rb7 Qc1+ {Black mates.} 26. Kf2 {[#]} Nd3+ $1 27. Bxd3 Bd4+ {Accuracy: White = 34%, Black = 55%.} 0-1

[Event "94th Tradewise Hastings Congress"]
[Site "Hastings"]
[Date "2019.01.01"]
[Round "5"]
[White "Stefansson, Vignir Vatnar"]
[Black "Boswell, Jacob Connor"]
[Result "1-0"]
[WhiteElo "2266"]
[BlackElo "1858"]
[Annotator "TA"]
[PlyCount "121"]
[EventDate "2018.12.28"]
[EventType "swiss"]
[EventCountry "ENG"]
[SourceTitle "playchess.com"]
[Source "ChessBase"]
[SourceQuality "1"]

{[%evp 19,121,19,43,34,113,108,117,87,87,84,99,74,101,41,39,35,56,37,48,18,43,45,60,56,76,45,58,26,11,0,0,0,-18,-6,-11,0,0,-19,0,0,0,0,122,122,171,0,0,0,0,0,0,0,0,0,0,0,0,0,0,0,0,0,0,0,0,0,11,8,96,91,124,138,132,92,92,89,113,107,97,96,87,12,12,12,41,14,66,62,311,305,284,64,4133,1850,2042,1790,1405,1202,5197,5085,29985,29986,29978,29979]} 1. d4 Nf6 2. Bf4 d5 3. e3 c5 4. c3 Nc6 5. Nd2 e6 6. Ngf3 Bd6 7. Bg3 O-O 8. Bd3 Re8 9. Ne5 Qc7 10. f4 {D02: 1 d4 d5 2 Nf3 sidelines, including 2...Nf6 3 g3 and 2...Nf6 3 Bf4} Ne7 {LiveBook: 4 Games} 11. Bh4 {Threatens to win with Bxf6.} (11. O-O Nf5 12. Bf2 Bf8 13. Qf3 Nd6 14. Bh4 Be7 15. Bxf6 Bxf6 16. Qh3 g6 17. Ndf3 Bg7 {½-½ (56) Novik,M (2480)-Yudin,S (2539) St Petersburg 2016}) 11... Ne4 (11... Nf5 $14 12. Bf2 h5) 12. Bxe7 $146 {White is better.} ({Predecessor:} 12. Nxe4 dxe4 13. Bxe4 f5 14. Bf3 Bxe5 15. fxe5 Ng6 16. Bh5 Bd7 17. Bxg6 hxg6 {½-½ (31) Klement,L (1923)-Vlasak,L (2096) Usti nad Labem 2007}) 12... Qxe7 13. Bxe4 dxe4 14. Nxe4 b6 15. O-O Bc7 16. Qh5 (16. dxc5 $1 $16 {Black must now prevent Nd6.} bxc5 17. Nc6) 16... f6 $1 $14 17. Nd3 Ba6 18. Rad1 {[%cal Ba1d1,Bd1d2,Bd2e2,Be2e6][%mdl 32]} Rad8 19. Nef2 Rd5 20. Qf3 Red8 21. Rfe1 R5d7 22. b3 Bb8 23. Rd2 e5 24. Qd1 exd4 25. exd4 Qf7 26. Rde2 cxd4 27. c4 Bb7 28. Re6 Qg6 {[%csl Gb7][%cal Rg6g2]} 29. g3 h5 30. Qe2 {Re8+ is the strong threat.} h4 (30... Qf5 $11) 31. g4 $1 $16 {Strongly threatening Re8+.} Bc7 32. g5 $2 (32. Nh3 $18 Bd6 33. Nhf2) 32... Bxf4 $1 $11 33. Nxf4 Qxg5+ 34. Qg4 Qxg4+ 35. Nxg4 d3 {aiming for ...d2.} 36. Nd5 Bxd5 37. cxd5 Rxd5 {Hoping for ...Rg5.} 38. Nf2 d2 39. Rd1 Rc8 40. Re2 Rc2 41. a4 f5 42. Kf1 Rb2 43. Re3 f4 {[#]} (43... g5 $11 {keeps the balance.}) 44. Rc3 $1 $16 b5 45. Nd3 Ra2 46. Nb4 (46. Nxf4 Rf5 $17) 46... Ra1 47. Rxa1 d1=Q+ 48. Rxd1 Rxd1+ {[%mdl 4096] Endgame KRN-KR} 49. Ke2 Rh1 50. axb5 (50. h3 $16) 50... Rxh2+ $11 51. Kf1 Kf7 52. Rc7+ Ke6 ({Better is} 52... Kf6 $11) 53. Nd3 $14 ({Much less strong is} 53. Rxa7 Rb2 $16) 53... g5 $2 ({Black should try} 53... Rh1+ $14 54. Kg2 Rb1) 54. Rxa7 $18 Rh3 {[#]} 55. Nc5+ $2 (55. Ke2 $1 $18) 55... Kf5 $2 {[%mdl 8192]} (55... Kd5 $14 56. b4 Rf3+ 57. Ke2 Re3+ 58. Kd2 Re8) 56. b6 Rf3+ 57. Ke2 Re3+ 58. Kd2 h3 59. b7 h2 60. b8=Q h1=Q 61. Qc8+ {Precision: White = 57%, Black = 32%.} 1-0

[Event "94th Tradewise Hastings Congress"]
[Site "Hastings"]
[Date "2019.01.01"]
[Round "5"]
[White "Moore, Graham J"]
[Black "Sarkar, Justin"]
[Result "1/2-1/2"]
[WhiteElo "2235"]
[BlackElo "2332"]
[Annotator "TA"]
[PlyCount "64"]
[EventDate "2018.12.28"]
[EventType "swiss"]
[EventCountry "ENG"]
[SourceTitle "playchess.com"]
[Source "ChessBase"]
[SourceQuality "1"]

{[%evp 19,64,40,53,30,43,23,18,10,8,10,20,10,14,0,15,-28,-34,-41,-34,-38,0,-46,-37,-93,-107,-125,-94,-165,0,0,0,0,0,0,0,0,0,0,0,0,0,0,0,0,0,0,0]} 1. e4 c6 2. d4 d5 3. Nd2 dxe4 4. Nxe4 Nf6 5. Nxf6+ gxf6 6. Nf3 Bf5 7. Bd3 Nd7 8. O-O Bg6 {B16: Caro-Kann: Bronstein-Larsen Variation} 9. Bf4 Bg7 10. Re1 O-O {LiveBook: 4 Games. White is slightly better.} 11. Nh4 e6 12. Nxg6 hxg6 13. Qd2 $146 ({Predecessor:} 13. c3 f5 14. Qd2 Nf6 15. Bh6 Bxh6 16. Qxh6 {½-½ (52) Muzychuk,M (2544)-Zhao,X (2477) Huaian 2017}) 13... Re8 14. Rad1 f5 15. Be2 a5 16. Bf3 a4 17. h4 Qxh4 18. Bg5 Qh7 19. Qb4 Ra7 20. Qd6 Nf6 21. d5 (21. c4 $15 Ne4 22. Bxe4 fxe4 23. Qd7) 21... cxd5 $17 22. Bxd5 Ra6 ({Much weaker is} 22... exd5 $6 23. Bxf6 Raa8 24. Rxe8+ Rxe8 25. Qd7 $11) 23. Qb4 (23. Qc7 $17 Nxd5 {[#]} 24. Rxd5 $1 {[%mdl 512]}) 23... exd5 $2 (23... Ng4 $19 {White must now prevent ...Qh2+.} 24. Bf3 Qh2+ 25. Kf1 Bf8) 24. Bxf6 $1 $11 {The position is equal.} Rxe1+ 25. Rxe1 {[#] White wants to mate with Re8+.} Re6 26. Rxe6 fxe6 27. Bxg7 Qxg7 28. Qxa4 Qxb2 {KQ-KQ} 29. Qe8+ Kh7 30. Qxe6 Qc1+ 31. Kh2 Qf4+ 32. Kg1 Qc1+ {Accuracy: White = 41%, Black = 72%.} 1/2-1/2

[Event "94th Tradewise Hastings Congress"]
[Site "Hastings"]
[Date "2019.01.01"]
[Round "5"]
[White "Willow, Jonah B"]
[Black "Lalic, Bogdan"]
[Result "1/2-1/2"]
[WhiteElo "2218"]
[BlackElo "2420"]
[Annotator "TA"]
[PlyCount "40"]
[EventDate "2018.12.28"]
[EventType "swiss"]
[EventCountry "ENG"]
[SourceTitle "playchess.com"]
[Source "ChessBase"]
[SourceQuality "1"]

{[%evp 19,40,-82,0,-45,0,-43,16,21,48,30,27,7,46,15,41,8,12,0,0,0,0,0,26]} 1. e4 c6 2. d4 d5 3. e5 Bf5 4. h4 h6 5. g4 Bd7 6. h5 c5 {B12: Caro-Kann: Advance Variation} 7. c3 Nc6 8. Be3 (8. Na3 e6 9. Nc2 Qb6 10. f4 cxd4 11. cxd4 Nb4 12. Nf3 Nxc2+ 13. Qxc2 Rc8 14. Qd3 {0-1 (54) Inarkiev,E (2682)-Riazantsev,A (2692) Dubai 2014}) 8... Qb6 9. b3 cxd4 10. cxd4 Rc8 {LiveBook: 3 Games. Hoping for ...Nb4.} 11. a3 $1 e6 12. Nf3 Na5 (12... Qa5+ $15 13. Bd2 {[#]} Bb4 $1 {[%mdl 512]}) 13. Nbd2 $11 Bb5 14. Bxb5+ $146 ({Predecessor:} 14. Rc1) 14... Qxb5 15. Qe2 Qxe2+ 16. Kxe2 Kd7 17. Kd3 Ne7 {The position is equal.} 18. Rhc1 Rxc1 19. Rxc1 b5 20. Kc3 Nec6 1/2-1/2

[Event "94th Tradewise Hastings Congress"]
[Site "Hastings"]
[Date "2019.01.01"]
[Round "5"]
[White "Graham, David B"]
[Black "Byrn, Carsten"]
[Result "1-0"]
[WhiteElo "2208"]
[BlackElo "1959"]
[Annotator "TA"]
[PlyCount "129"]
[EventDate "2018.12.28"]
[EventType "swiss"]
[EventCountry "ENG"]
[SourceTitle "playchess.com"]
[Source "ChessBase"]
[SourceQuality "1"]

{[%evp 19,129,38,70,40,85,15,35,7,9,11,9,9,38,0,3,-24,-3,-8,0,-27,-27,-35,-13,0,21,20,76,80,91,85,138,129,133,10,10,8,17,17,21,22,20,24,70,64,70,69,61,6,6,6,6,6,6,6,6,6,14,6,14,14,266,260,818,927,1158,1187,1227,1264,1195,1195,1086,997,901,905,1625,1341,1647,1590,1411,1239,1272,1206,1128,818,29955,29948,29969,29964,29968,29966,29972,29956,29969,29970,29960,29954,11985,12363,29981,29982,29982,29983,29983,29984,29984,29985,29985,29986,29986,29987,29991,29992]} 1. e4 c5 2. Nc3 e6 3. Nf3 Nc6 4. Bb5 Nd4 5. Bc4 a6 6. Nxd4 {B30: Sicilian: 2...Nc6 3 Bb5, lines without ...g6} cxd4 7. Ne2 b5 (7... Bc5 8. d3 Ne7 9. Bb3 O-O 10. O-O Kh8 11. Ng3 f5 12. exf5 Nxf5 13. Bf4 {1-0 (61) Najer,E (2653)-Moiseenko,A (2707) Dubai 2014}) 8. Bb3 Bb7 9. d3 Qb6 10. O-O Ne7 {LiveBook: 7 Games} 11. Ng3 Nc6 12. Qh5 $146 (12. Nh5 $16) ({Predecessor:} 12. a3 a5 13. f4 a4 14. Ba2 g6 15. f5 Bd6 16. Bg5 Be5 17. fxe6 dxe6 18. Qg4 Bg7 19. Rxf7 Ne5 20. Re7+ {1-0 (20) Markovic,M (2303)-Zivkovic,N (2184) Nis 2011}) 12... Na5 13. c3 (13. Bd2 {keeps more tension.} Nxb3 14. cxb3 Be7 15. Qg4 g6 16. Bh6) 13... Nxb3 14. axb3 dxc3 15. bxc3 Qc5 16. Qxc5 (16. Qe2 {looks sharper.} h5 17. h4 Qxc3 18. Bb2 Qc5 19. Rfc1) 16... Bxc5 17. d4 Bd6 18. f3 h5 19. e5 Be7 20. Ne4 Bxe4 21. fxe4 O-O 22. b4 {[%cal Bb3b4,Bb4a5][%mdl 32]} a5 (22... f6 $11) 23. bxa5 $16 Rfc8 24. Ba3 Bxa3 (24... Kf8 $142) 25. Rxa3 {[%mdl 4096] Endgame KRR-KRR} Rc4 26. Rb1 (26. Rfa1 $1 $16) 26... Ra4 $11 27. Rab3 R8xa5 28. Rxb5 Rxb5 29. Rxb5 {KR-KR} Kf8 30. Rb2 Rc4 31. Rc2 f6 32. exf6 gxf6 33. Rf2 (33. Kf2 $14) 33... Rxc3 34. Rxf6+ Kg7 $1 {[%cal Rg7f6]} 35. e5 (35. Rf3 {with more complications.} Rc2 36. Rf2 Rc1+ 37. Rf1 Rc2 38. e5) 35... Rd3 36. Rf4 Rd2 37. h4 Ra2 38. Kf1 Ra6 39. Kf2 d6 $2 {[%mdl 8192] [#]} (39... Ra2+ $11 {and Black has nothing to worry.} 40. Kg3 Ra1) 40. Rf6 $1 $18 dxe5 $2 (40... Ra2+ 41. Kf3 Ra4) 41. dxe5 Rb6 42. Kf3 Ra6 43. Kf4 Ra4+ 44. Kg5 Rg4+ 45. Kxh5 Rxg2 46. Rxe6 Kf7 47. Rf6+ Kg7 48. Rf5 Re2 49. Kg5 Rg2+ {[#]} 50. Kf4 $1 {Rg5+ would kill now.} Rf2+ 51. Ke4 Rh2 52. h5 Ra2 53. Rf6 Ra4+ 54. Kf5 Ra1 55. Rg6+ Kf7 56. e6+ Kf8 57. Rf6+ Ke7 58. Rf7+ Ke8 59. h6 {[%cal Bh5h6,Bh6h7][%mdl 32] White mates.} Rf1+ 60. Kg6 Rg1+ 61. Kf6 Rf1+ 62. Kg7 Rg1+ 63. Kh8 Rg6 64. h7 Rxe6 65. Kg7 {Precision: White = 58%, Black = 39%.} 1-0

[Event "94th Tradewise Hastings Congress"]
[Site "Hastings"]
[Date "2019.01.01"]
[Round "5"]
[White "Stoyanov, Viktor"]
[Black "Murphy, Conor E"]
[Result "0-1"]
[WhiteElo "2205"]
[BlackElo "2331"]
[Annotator "TA"]
[PlyCount "126"]
[EventDate "2018.12.28"]
[EventType "swiss"]
[EventCountry "ENG"]
[SourceTitle "playchess.com"]
[Source "ChessBase"]
[SourceQuality "1"]

{[%evp 12,126,15,-4,32,0,49,39,74,58,58,39,46,57,30,22,26,0,0,-19,-8,-43,-35,-35,-35,-39,-29,-56,-55,-83,-65,-56,-54,-83,-77,-155,-171,-148,-154,-222,-206,-270,-270,-289,-295,-289,-291,-337,-202,-209,-208,-200,-192,-206,-210,-237,-237,-237,-238,-361,-360,-477,-466,-459,-377,-394,-389,-364,-214,-214,-214,-213,-213,-235,-231,-254,-254,-236,-232,-580,-587,-599,-599,-599,-591,-691,-555,-927,-895,-849,-796,-4721,-4722,-1724,-1548,-1441,-1185,-4791,-3332,-1916,-1916,-1210,-1189,-29954,-29957,-29960,-29955,-11252,-7800,-7300,-5941,-6868,-6764,-6868,-6868,-4943,-4935]} 1. Nf3 d5 2. e3 Nf6 3. c4 e6 4. b3 c5 5. Bb2 Nc6 6. cxd5 exd5 7. Nc3 {LiveBook: 6 Games. A13: English Opening: 1...e6} (7. Bb5 Bd6 8. d4 cxd4 9. Nxd4 O-O 10. O-O Qb6 11. Bd3 Be5 12. Qd2 Nxd4 13. exd4 Bd6 14. Nc3 Bd7 15. Rfe1 Rfe8 {0-1 (62) Mamedyarov,S (2801)-Giri,A (2782) chess.com INT 2018}) 7... d4 8. Na4 $1 dxe3 $146 ({Predecessor:} 8... Be7 9. Bb5 Bd7 10. O-O dxe3 11. dxe3 a6 12. Be2 b5 13. Nc3 O-O 14. a4 b4 {½-½ (24) Williams,S (2457)-Roberson,P (2396) Telford 2018}) 9. dxe3 {White is slightly better.} Bd7 10. Be2 Be7 11. O-O O-O 12. Rc1 b6 13. Nc3 Bf5 14. Bb5 Nb4 15. Qxd8 Rfxd8 16. Rfd1 a6 17. Be2 Ne4 18. Nxe4 Bxe4 19. a3 Nd3 20. Bxd3 Bxd3 21. Ne5 Be4 22. Nd7 b5 23. f3 ({Better is} 23. Bc3) 23... Bc6 $1 $17 {[%cal Rc6d7]} 24. Ne5 Bd5 25. Rd3 (25. Rc3 $17 {might work better.}) 25... f6 $19 26. Ng4 Be6 27. Nf2 Rxd3 $1 28. Nxd3 Rd8 $1 {[%cal Rd8d3]} ({Weaker is} 28... Bxb3 29. Nxc5 Bc4 30. Nb7 $17) 29. Rc3 b4 (29... Kf7 $142 30. b4 cxb4 31. axb4 Bc4) 30. axb4 cxb4 {[%cal Bc5b4,Bb4b3][%mdl 32]} 31. Rc7 Bf8 32. Bd4 Bxb3 33. Nc5 Bd5 34. Nxa6 {[#]} b3 $1 35. Rc1 (35. Nc5 {was necessary.}) 35... Ba3 36. Rb1 {[#]} Rc8 $1 37. e4 Bc4 38. Kf2 Bxa6 39. Rxb3 Bc5 (39... Rc2+ $142 40. Kg1 Rc1+ 41. Kf2 Bd6) 40. Bxc5 Rxc5 {[%mdl 4096] Endgame KRB-KR} 41. Rb2 Kf7 42. g3 Rc3 43. Kg2 Bd3 44. Rb7+ Kg6 {Hoping for ...Be2.} 45. Rb6 $2 (45. Kf2) 45... Be2 46. e5 Bxf3+ 47. Kf2 Bg4 48. exf6 gxf6 49. h4 Rf3+ 50. Kg2 Re3 51. Rb4 h5 52. Kf2 Re2+ 53. Kf1 Rc2 54. Ra4 Bh3+ 55. Ke1 Rg2 56. Ra3 Kf5 57. Rf3+ Kg4 58. Rxf6 Kxg3 59. Ra6 Rg1+ {Black is clearly winning.} 60. Kd2 Rf1 61. Ke2 Rf8 {( -> ...Bf1+)} 62. Ra4 Re8+ 63. Kd2 Bg4 {Precision: White = 31%, Black = 74%.} 0-1

[Event "94th Tradewise Hastings Congress"]
[Site "Hastings"]
[Date "2019.01.01"]
[Round "5"]
[White "Royset, Pal"]
[Black "Comellas Blanchart, Jordi"]
[Result "1-0"]
[WhiteElo "2182"]
[BlackElo "2055"]
[Annotator "TA"]
[PlyCount "125"]
[EventDate "2018.12.28"]
[EventType "swiss"]
[EventCountry "ENG"]
[SourceTitle "playchess.com"]
[Source "ChessBase"]
[SourceQuality "1"]

{[%evp 38,125,44,41,58,20,20,19,16,0,0,0,0,0,0,0,0,0,0,0,0,0,47,34,53,47,62,29,18,0,0,0,0,0,0,-62,-69,-58,-64,-71,-30,-43,-43,-51,-49,-73,-58,-45,-45,-56,-37,-54,-71,-101,-98,-128,-104,-228,-190,-185,-169,-183,-168,-333,-293,-289,-287,-293,-264,-323,-308,-379,-250,-279,-255,-447,-349,-332,-223,-420,-191,-195,-184,-138,-92,-112,-103,-153,1295,1242]} 1. e4 e5 2. Nf3 Nc6 3. Bb5 a6 4. Ba4 Nf6 5. O-O Be7 6. Re1 b5 7. Bb3 d6 8. c3 O-O 9. h3 Nb8 10. d4 Nbd7 11. Nbd2 Bb7 12. Bc2 Re8 13. Nf1 Bf8 14. Ng3 g6 15. Bg5 h6 16. Bd2 Bg7 17. a4 c5 {C95: Closed Ruy Lopez: Breyer Variation with 10 d4} (17... Nb6 18. axb5 axb5 19. Bd3 Rxa1 20. Qxa1 c6 21. b3 Qc7 22. Qc1 Kh7 23. Be3 Bc8 24. Qc2 Bd7 25. Ra1 {0-1 (63) Hou,Y (2658)-Vitiugov,N (2734) Belokurikha 2018}) 18. d5 c4 19. Be3 Nc5 20. Qd2 {LiveBook: 6 Games} Kh7 21. Ra3 (21. Bxc5 $5 dxc5 22. b3 $14) 21... Nfd7 22. Rea1 Qc7 $146 ({Predecessor:} 22... Nb8) 23. Nh2 Nb6 24. a5 Nbd7 25. Ng4 {[%cal Rg4h6]} h5 26. Nh2 $1 {[%cal Bg4h2,Bh2f3,Bf3h4][%mdl 32]} Nf6 {Hoping for ...h4.} 27. Nf3 Rad8 28. Rf1 Kg8 29. Raa1 Rf8 30. Nh4 Bc8 31. f4 exf4 32. Rxf4 Nh7 33. Bd4 Be5 $1 34. Nf3 Bxf4 35. Qxf4 f6 36. Qh6 (36. Qe3 $11) 36... Qg7 $15 37. Qd2 Nd7 $1 38. Be3 Rfe8 39. Nd4 Ne5 40. Nge2 Nf8 41. Nf4 Bd7 42. Rf1 Re7 43. Bd1 Qh8 44. Bc2 Rde8 45. Bf2 g5 {[%cal Bg6g5,Bg5g4][%mdl 32]} 46. Nfe2 {[#]} h4 $1 47. Nc1 (47. Kh1 $17) 47... Nfg6 48. Be3 g4 49. Nf5 Bxf5 50. exf5 $2 (50. Rxf5 {only move.} gxh3 51. gxh3) 50... Nf8 51. Bf4 gxh3 52. gxh3 Qh5 {[#] Strongly threatening ...Nf3+.} 53. Kh1 Rg7 54. Qf2 Nd3 55. Bxd3 cxd3 56. Bxd6 $2 (56. Nxd3 Qxf5 57. Qf3) 56... Nh7 {[%cal Bf8h7,Bh7g5,Bg5h3][%mdl 32] aiming for ...Ng5.} 57. Nxd3 Re2 58. Qf4 $2 (58. Qb6 Ng5 59. Nf4 {[%mdl 64] Double Attack}) 58... Qg5 (58... Rg3 $142 59. Rg1 Rxg1+ 60. Kxg1 Ng5) 59. Qxg5 $19 Nxg5 60. Nf4 Rd2 {White must now prevent ...Ne4.} 61. Nh5 Rf7 62. Bf4 Nxh3 $2 (62... Rd3 $17 63. Re1 Rxd5) 63. Bxd2 {Accuracy: White = 50%, Black = 64%.} 1-0

[Event "94th Tradewise Hastings Congress"]
[Site "Hastings"]
[Date "2019.01.01"]
[Round "5"]
[White "Anderson, John"]
[Black "Lyell, Mark"]
[Result "1/2-1/2"]
[WhiteElo "2163"]
[BlackElo "2317"]
[Annotator "TA"]
[PlyCount "51"]
[EventDate "2018.12.28"]
[EventType "swiss"]
[EventCountry "ENG"]
[SourceTitle "playchess.com"]
[Source "ChessBase"]
[SourceQuality "1"]

{[%evp 10,51,16,29,29,31,37,16,10,9,39,39,33,36,58,40,40,31,33,20,41,-39,-33,-25,0,0,19,14,45,51,69,72,103,87,114,73,91,13,79,0,0,0,89,0]} 1. d4 f5 2. Bf4 Nf6 3. e3 e6 4. Nf3 b6 5. h3 (5. Be2 Be7 6. h3 Bb7 7. O-O O-O 8. c4 Ne4 9. Nbd2 Bf6 10. Nxe4 fxe4 11. Nd2 Bxd4 12. Qc2 Na6 {1-0 (44) Skoberne,J (2563)-Cheparinov,I (2693) Batumi 2018}) 5... Bb7 6. Bd3 {LiveBook: 11 Games. A80: Dutch Defence: Unusual White second moves} Nc6 7. c3 Ne7 8. Nbd2 {White is slightly better.} Ng6 9. Bg5 $146 ({Predecessor:} 9. Bh2 Be7 10. Qc2 O-O 11. O-O a5 12. e4 fxe4 13. Nxe4 {1-0 (60) Kovacevic,S (2350)-Sahl,B (2381) Campillos 2006}) 9... h6 10. Bxf6 Qxf6 11. Qe2 Be7 12. Ba6 Bxa6 13. Qxa6 O-O 14. O-O-O c5 15. g4 (15. h4 $14) 15... cxd4 $15 16. cxd4 fxg4 17. hxg4 Bb4 18. Qd3 Bxd2+ 19. Nxd2 e5 20. d5 Nh8 21. Ne4 Qg6 22. g5 hxg5 {[#]} 23. Rh3 (23. Rdg1 $1 $16 {[%cal Rg1g5]} Rf5 24. Nd6) 23... Rf5 (23... g4 $11 24. Rh4 Rac8+ 25. Kb1 Rf3) 24. Nd6 {[%mdl 1024] White has strong compensation.} Rf6 25. Ne4 Rf5 $1 26. Nd6 {Accuracy: White = 63%, Black = 38%.} (26. f3 $16) 1/2-1/2